000 00426nam a22001697a 4500
003 OSt
005 20260630123813.0
008 260630b |||||||| |||| 00| 0 eng d
020 _a9780996989527
040 _cChuka university library
100 _aTodd Nesloney
_932109
245 _akids deserve it
260 _aSan Diego
_bDave Burgess
_c2016
300 _a207p
650 _akids deserve it
_932110
942 _2lcc
_cBK
_n0
999 _c25654
_d25654